U.S. State Flags with people - Statistics

General Stats
  • This quiz has been taken 11 times
  • The average score is 16 of 18
Answer Stats
Picture Answer % Correct
Kansas
100%
Delaware
90%
Florida
90%
Georgia
90%
Idaho
90%
Kentucky
90%
Massachusetts
90%
Michigan
90%
Nebraska
90%
South Dakota
90%
Virginia
90%
Washington
90%
West Virginia
90%
Wyoming
90%
Maine
80%
New Jersey
80%
Wisconsin
80%
New York
60%
No matching quizzes found
Score Distribution
Percent of People with Each Score
Percentile by Number Answered
Your Score History
You have not taken this quiz